[Event "POR-ch Aberto"]
[Site "Portugal"]
[Date "2003.??.??"]
[Round "2"]
[White "Cruz, Jorge Filipe Egas"]
[Black "Figueiras, Jose Salvador A"]
[Result "1-0"]
[WhiteElo "1605"]
[BlackElo "1785"]
[PlyCount "105"]
[EventDate "2003.??.??"]
[EventType "swiss"]
[EventRounds "9"]
[EventCountry "POR"]
[SourceTitle "EXT 2007"]
[Source "ChessBase"]
[SourceDate "2006.11.23"]
[SourceVersion "1"]
[SourceVersionDate "2006.11.23"]
[SourceQuality "1"]

1. e4 c5 2. Nf3 d6 3. Bb5+ Nc6 4. 0-0 Nf6 5. Re1 e5 6. c3 Bd7 7. d4 Qc7 8. Bg5 Be7 9. Na3 a6 10. Bc4 b5 11. dxe5 Nxe5 12. Nxe5 dxe5 13. Bxf6 Bxf6 14. Bd5 Rd8 15. c4 0-0 16. Qc2 b4 17. Nb1 a5 18. a4 Bg5 19. Qd3 Qb6 20. Qg3 Qh6 21. Qd3 Kh8 22. Re2 f5 23. Nd2 Bxd2 24. Rxd2 f4 25. b3 Qg5 26. f3 Rf6 27. Qf1 Rh6 28. Kh1 Qe7 29. h3 g5 30. Kg1 Rg6 31. Rad1 h5 32. Bb7 Rb6 33. Bc8 Rxc8 34. Rxd7 Qf8 35. Qd3 Re6 36. Qd5 Ree8 37. Qf7 Qxf7 38. Rxf7 Rcd8 39. Rdd7 Rxd7 40. Rxd7 Kg8 41. Rd5 Kf7 42. Rxc5 Rd8 43. Rd5 Ra8 44. Rxe5 Kf6 45. Rf5+ Kg6 46. Rd5 Kf6 47. Kf2 h4 48. Ke2 Ra7 49. Kd3 Ra8 50. Kd4 Ra7 51. Kc5 Re7 52. Kb6 Re6+ 53. Kxa5 1-0